[Event "Iarissa Summer 2nd"]
[Site "Iarissa"]
[Date "2008.07.15"]
[Round "5"]
[White "Krommidas, Vasilios"]
[Black "Hasiotis, Polichronis"]
[Result "0-1"]
[WhiteElo "1682"]
[BlackElo "1510"]
[PlyCount "40"]
[EventDate "2008.07.08"]
[EventType "tourn"]
[EventRounds "7"]
[EventCountry "GRE"]
[SourceTitle "EXT 2024"]
[Source "ChessBase"]
[SourceDate "2023.10.10"]
[SourceVersion "1"]
[SourceVersionDate "2023.10.10"]
[SourceQuality "1"]

1. Nf3 Nf6 2. Nc3 d5 3. d4 Bf5 4. e3 e6 5. Bd3 Bg6 6. 0-0 c6 7. Re1 Nbd7 8. e4 dxe4 9. Nxe4 Nxe4 10. Bxe4 Nf6 11. Bxg6 hxg6 12. c4 Be7 13. Bg5 Ng4 14. Bxe7 Qxe7 15. d5 Nxh2 16. dxe6 Nxf3+ 17. Qxf3 f5 18. Qg3 0-0-0 19. Qxg6 Qh4 20. Kf1 Rd2 0-1

[Event "Iarissa Summer 2nd"]
[Site "Iarissa"]
[Date "2008.07.10"]
[Round "2"]
[White "Hasiotis, Polichronis"]
[Black "Liakos, Dimitris"]
[Result "0-1"]
[WhiteElo "1510"]
[BlackElo "2065"]
[PlyCount "48"]
[EventDate "2008.07.08"]
[EventType "tourn"]
[EventRounds "7"]
[EventCountry "GRE"]
[SourceTitle "EXT 2024"]
[Source "ChessBase"]
[SourceDate "2023.10.10"]
[SourceVersion "1"]
[SourceVersionDate "2023.10.10"]
[SourceQuality "1"]

1. e4 c5 2. Nf3 d6 3. d4 cxd4 4. Nxd4 Nf6 5. Nc3 a6 6. Be2 e6 7. Be3 Nbd7 8. 0-0 b5 9. a4 b4 10. Nc6 Qc7 11. Nxb4 d5 12. Nba2 dxe4 13. Nc1 Bd6 14. h3 0-0 15. Nb3 Bb7 16. a5 Rac8 17. Ra4 Rfd8 18. Qc1 Nc5 19. Nxc5 Bxc5 20. Bg5 Bd4 21. Bxf6 gxf6 22. Rb4 Bc5 23. Rc4 Qe5 24. g3 Qxg3+ 0-1